000
00215nam a2200085Ia 4500
008
120527s9999 xx 000 0 und d
100
_a
Graaff, Van M
245
_a
A photographic atlas for the Biology Lab.
942
_c
BK
999
_c
27312
_d
27312